| 000 | nam a22 4500 | ||
|---|---|---|---|
| 999 |
_c8933 _d8933 |
||
| 008 | 180320b ||||| |||| 00| 0 eng d | ||
| 100 |
_926949 _aDe Vera, Ellalyn B. |
||
| 245 |
_aDENR seeks help in fight vs wildlife trade/ _cEllalyn B. De Vera |
||
| 260 |
_aPhilippines _bManila Bulletin _cc2016 |
||
| 300 | _apage 2. | ||
| 650 | 0 |
_926950 _aEnvironmental movement. |
|
| 942 |
_2ddc _cPER |
||